| 000 -LEADER |
| fixed length control field |
00438nam a22001577a 4500 |
| 008 - FIXED-LENGTH DATA ELEMENTS--GENERAL INFORMATION |
| fixed length control field |
150925b xxu||||| |||| 00| 0 eng d |
| 020 ## - INTERNATIONAL STANDARD BOOK NUMBER |
| International Standard Book Number |
0201466988 |
| 041 0# - LANGUAGE CODE |
| Language code of text/sound track or separate title |
eng |
| 080 ## - UNIVERSAL DECIMAL CLASSIFICATION NUMBER |
| Universal Decimal Classification number |
530.1 |
| 245 ## - TITLE STATEMENT |
| Title |
Conceptual physics: |
| Statement of responsibility, etc |
Paul G. Hewitt. |
| 250 ## - |
| -- |
3rd ed. |
| 260 ## - |
| -- |
USA: |
| -- |
Addison-Wesley Publishing Company; |
| -- |
1997. |
| 300 ## - |
| -- |
691 f.: |
| -- |
me il.; |
| -- |
26 cm. |
| 650 #0 - |
| -- |
Fizika |
| 942 ## - ADDED ENTRY ELEMENTS (KOHA) |
| Source of classification or shelving scheme |
|
| Item type |
Books |